00641nam a2200157Ia 4500008004100000024006900041082001700110100009100127110002300218245003300241260002600274600002100300650003800321856010700359999001700466260210s9999 xx 000 0 und d a19B-133-CS, 19B-076-CS, 19B-077-CS, 19B-117-CS, & 18B-123-CS a005.6072 KHA aHamza Ahmed Khan, Aliza Shafiq, Aneeqa Fahim, Syed Hamza Qadri, & Syed Owais Ahmed aDr. Sharaf Hussain 0aTOWN WATER MANAGEMENT SYSTEM aKarachi:bUITU,c2019 aComputer Science aBachelor of Computer Science (BS) uhttps://drive.google.com/file/d/1Xg0KUOHq5NQz8vuhy_G1Qb_iDRUWZcIi/view?usp=sharingyClick here for PDF c32522d32522